00347cam a22000977a 4500008004000000082001700040245009300057260003500150300001100185700005300196180718b1970 xxu||||| |||| 00| 0 eng d aL8 Un3g/1970 aA manual for government accountingcby Department of Economic and Social Affairs, U.S.A. aNew YorkbUnited Nationsc1970 a156+p. aU.S.A. Department of Economic and Social Affairs